Aritmética ii /

Guardado en:
Autor Principal: Alcántara, Lidia E.
Otros Autores: Lomazzi, Raquel T., Mina, Félix
Formato: Libro
Publicado: Buenos Aires : Estrada, 1962
Edición:11a. ed.
Materias:
Etiquetas: Agregar Etiqueta
Sin Etiquetas, Sea el primero en etiquetar este registro!
LEADER 01524nam a22002415a 4500
001 CEM.cems000407
005 20061109160909.0
008 130507s1962##################000#0#####d
003 CEMS
082 0 4 |a 511 
100 1 |a Alcántara, Lidia E. 
245 1 0 |a Aritmética ii /  |c Lidia E. Alcántara ; raquel T. Lomazzi ; félix Mina 
250 |a 11a. ed. 
260 |a Buenos Aires :  |b Estrada,  |c 1962 
300 |a 337 p. 
500 |a Texto acuerdo con el programa oficial de 2do. año del ciclo básico de la enseñanza secundaria y de las escuelas nacionales de comercio. 
505 0 |a Conjuntos -- Relaciones entre conjuntos -- Números enteros -- Las cuatro operaciones fundamentales con números enteros -- Números racionales -- Operaciones con números racionales -- Fracciones y números decimales -- Notación científica -- Raíz cuadrada aproximada -- Magnitudes y cantidades -- Sistema métrico legal argentino -- Sistema ingles de medidas -- Antiguo sistema español -- Razones y proporciones numericas -- Magnitudes directas e inversamente proporcionales -- Regla de tres simple y compuesta -- Porcentaje e interés simple -- Descuento simple -- Repartición proporcional -- Regla de mezcla y de aleación -- Sistema monetario argentino. 
653 |a Matemática 
653 |a Matemática-2do. año 
700 1 |a Lomazzi, Raquel T. 
700 1 |a Mina, Félix 
859 |a CEMS  |b BIB. CEMS - 11 de abril  |h 511  |i AL16a11  |p 14405.86  |t Ej.2  |v II  |3 II 
859 |a CEMS  |b BIB. CEMS - 11 de abril  |h 511  |i AL16a11  |p 6163.77  |t Ej.1  |v II  |3 II